000 00407nam a2200181Ia 4500
001 10483
005 20260306161835.0
008 260306t2000||||xx |||||||||||||| ||spa||
041 _aESP
082 _a937
_bG81
100 _aGrimal, Pierre
_eAUT
245 0 _aEl imperio romano
260 _c2000
300 _a245 páginas :
_c19 cm.
650 _aGEN
654 _aCHU
942 _cLIB
_dJUS
_fJUS
_2ddc
_n
999 _c10483
_d10483